| 000 | 00538nam a2200217Ia 4500 | ||
|---|---|---|---|
| 003 | OSt | ||
| 005 | 20140311163104.0 | ||
| 008 | 140130s9999 xx 000 0 und d | ||
| 020 | _a0439120616 | ||
| 050 |
_aPZ 7 _b.Sl6334Ca 1999 |
||
| 100 |
_aSlobodkina, Esphyr _931346 |
||
| 245 |
_aCaps for Sale / _cEsphyr Slobodkina. |
||
| 260 |
_bScholastic, _c1999. _aNew York : |
||
| 300 |
_a30 p. : _bcol. ill. ; _c26 cm. |
||
| 440 |
_v1 _931174 |
||
| 521 | _aG2 | ||
| 526 | _c480 | ||
| 942 |
_cBK _2lcc |
||
| 999 |
_c40463 _d40463 |
||